| 000 | 00517nam a2200169 i 4500 | ||
|---|---|---|---|
| 001 | 85844 | ||
| 003 | ES-MaACL | ||
| 005 | 20230906175324.0 | ||
| 007 | t| | ||
| 008 | 041202s1952 sp ||||1| spa d | ||
| 100 | 1 |
_aKeeler, Harry Stephen. _967708 |
|
| 245 | 1 | 3 |
_aEl enigma de la Zuri amarilla / _cpor Harry Stephen Keeler ; traducción de Fernando Noriega Olea. |
| 260 |
_aMadrid : _bReus, _c1952. |
||
| 300 |
_a376 p. ; _c19 cm. |
||
| 700 | 1 |
_aNoriega Olea, Fernando. _985986 |
|
| 852 |
_aES-MaACL _jD-8794 _bR.33340 |
||
| 999 |
_c85844 _d85844 |
||